Testamento de la carne y el espíritu /

में बचाया:
ग्रंथसूची विवरण
मुख्य लेखक: Ramírez Lámbarry, Alejandro (autor)
स्वरूप: पुस्तक
भाषा:स्पेनिश
प्रकाशित: México : CONACULTA, 2005, c2005
श्रृंखला:(Tierra Adentro ; 295)
विषय:
टैग: टैग जोड़ें
कोई टैग नहीं, इस रिकॉर्ड को टैग करने वाले पहले व्यक्ति बनें!

MARC

LEADER 00000nam^a2200000^a^4500
001 000187253
005 20250521000000.0
009 20260310102254.518
020 |a 970-35-0814-6 
037 |a Acervo ITESO - Biblioteca 
041 |a ESP 
082 |a 863.  |b RAM 
100 |a Ramírez Lámbarry, Alejandro  |e (autor) 
245 1 0 |a Testamento de la carne y el espíritu /  |c A. Ramírez Lámbarry. 
264 4 |a México :  |b CONACULTA,  |c 2005, c2005 
300 |a 83 p. 
336 |a texto  |b txt  |2 rdacontenido 
337 |a sin mediación  |b n  |2 rdamedio 
338 |a volumen  |b nc  |2 rdasoporte 
440 1 |a (Tierra Adentro ;  |v 295) 
649 |a XX 
650 |a Cuentos Mexicanos 
650 |a Literatura Mexicana -  |y Siglo XXI 
910 |a Fondo General 
920 |a Impresos - Libros 
930 |a Colección General 
940 |a Literatura 
905 |a 101 
901 |a 0500129347  |b IT1  |c LIT  |u 20250521 
902 |a https://opac.biblio.iteso.mx/vufind/Record/000187253